000 01412nam a22002897a 4500
001 04709
003 HDC
007 cr bn ---aaaaa
008 210117b20012001tai||||| |||| 00| 0 eng d
040 _aHDC
110 _aFood and Fertilizer Technology Center
245 0 _aFFTC Research Highlights:
_bUse of absorption curves of nutritional elements by the soil to estimate the fertilizer demand of rice plants
_c/ Department of Agriculture and Forestry Extension, MARD
260 _aTaiwan:
_bFood and Fertilizer Technology Center,
_c2001
300 _a1 online resource (2 pages)
336 _atext
_2rdacontent
337 _acomputer
_2rdamedia
338 _aonline resource
_2rdacarrier
500 _aExtract from: FFTC Research Highlights, July 2001
505 _aMicropropagation of purple yam;'Telong' and 'Jalomas' : new hight-yielding sweetpotato cultivars for processing into flour and food products MARDI;Indoor mass rearing and natural habitat restoration of yellow spotted longicorn beetle
650 _aAgricultural innovations
_91956
650 _aAgriculture
_xResearch
_91955
710 _aDepartment of Agriculture and Forestry Extension, MARD (Vietnam)
856 _zRequest full-text at [email protected]
942 _2lcc
942 _cAR
942 _kEMAG 000174
999 _c2034
_d2034